Markets (Record no. 83783)

MARC details
000 -LEADER
fixed length control field 00875cab a22002055a 4500
001 - CONTROL NUMBER
control field L155023
008 - FIXED-LENGTH DATA ELEMENTS--GENERAL INFORMATION
fixed length control field 120220e20120210xxk 000 0 eng d
035 ## - SYSTEM CONTROL NUMBER
System control number (Sirsi) u155023
041 0# - LANGUAGE CODE
Language code of text/sound track or separate title eng
100 1# - MAIN ENTRY--PERSONAL NAME
Personal name Barrett, Claer
245 00 - TITLE STATEMENT
Title Markets
Remainder of title London, Midtown
260 ## - PUBLICATION, DISTRIBUTION, ETC.
Date of publication, distribution, etc. 2012
490 #0 - SERIES STATEMENT
Series statement Property Week
Volume/sequential designation 78(06) 10 February 2012, 53-59(5)
520 ## - SUMMARY, ETC.
Summary, etc. Knight Frank's Silicon London report reveals that the technology sector is outperforming the financial: Central London office-take up by technology and telecoms companies more than doubled in 2011. The People's Supermarket food shop co-operative in Holborn is seen as a pioneering venture likely to be copied nationally. Developers and Euston owners rail against High Speed 2 project.
590 ## - LOCAL NOTE (RLIN)
Local note KA
651 #4 - SUBJECT ADDED ENTRY--GEOGRAPHIC NAME
Geographic name London
690 ## - LOCAL SUBJECT ADDED ENTRY--TOPICAL TERM (OCLC, RLIN)
Topical term or geographic name as entry element Commercial property
9 (RLIN) 6227
700 1# - ADDED ENTRY--PERSONAL NAME
Personal name Bar-Hillel, Mira
942 ## - ADDED ENTRY ELEMENTS (KOHA)
Suppress in OPAC 0
Holdings
Withdrawn status Lost status Source of classification or shelving scheme Damaged status Not for loan Home library Current library Shelving location Date acquired Total Checkouts Full call number Barcode Date last seen Copy number Price effective from Koha item type
    Dewey Decimal Classification     London London Journal article 20/02/2012   L155024 155023-1001 06/08/2019 1 06/08/2019 Journal article